000 00260nam a22001217a 4500
020 _a978-93-81607-28-2
082 _a494
_bOM/A
245 _aEASUP KEE KAHANIYAM
260 _aUTTARPRADESH
_bOM KIDZ
300 _a80
650 _aHINDI STORY
_zINDIA
942 _cBK
999 _c4836
_d4836